Ipswich BC and Ipswich Co-operative Society Limited and East Anglia Federal Co-operative Society Limited (Record no. 9339)

MARC details
000 -LEADER
fixed length control field 01672cab a2200265 4500
001 - CONTROL NUMBER
control field X1039
008 - FIXED-LENGTH DATA ELEMENTS--GENERAL INFORMATION
fixed length control field 090401t1993 xxu||||| |||| 00| 0 eng d
035 ## - SYSTEM CONTROL NUMBER
System control number (Sirsi) u14355
041 ## - LANGUAGE CODE
Language code of text/sound track or separate title eng
245 ## - TITLE STATEMENT
Title Ipswich BC and Ipswich Co-operative Society Limited and East Anglia Federal Co-operative Society Limited
260 ## - PUBLICATION, DISTRIBUTION, ETC.
Date of publication, distribution, etc. 1993
350 ## - PRICE (NR) (BK AM CF MU VM SE) [OBSOLETE]
Price 0
490 ## - SERIES STATEMENT
Series statement Planning Appeal Decisions
Volume/sequential designation (1993) 8 PAD 562-578(17)
520 ## - SUMMARY, ETC.
Summary, etc. Inquiry 9-11 February 1993. Decision letter 11 June 1993. Warehouse extended to provide 11,900 sq m fllor space - serving as central distribution depot for supermerkat outlets of the Ipswich, Colchester, Chelmsford and Norwich Co-operative Societies - occupying a site of 2.5 ha forming part of the 16 Boss Hall Estates owned by the Ipswich Co-operative Society - enforcement notice servied by the Council - alleged breach of condition imposed on grant of permission to extend the warehouse - failure of Societies to observe restrictions on hours of operation - difference of views as to meaning and intent of conditions - use of correspondence passing between Societies` agents and Council to determine meaning and effect of conditions - disturbance from goods vehicles caused serious detriment to peaceful enjoyment of nearby residential properties - enforcement notice upheld.
650 ## - SUBJECT ADDED ENTRY--TOPICAL TERM
Topical term or geographic name entry element ENFORCEMENT NOTICE
650 ## - SUBJECT ADDED ENTRY--TOPICAL TERM
Topical term or geographic name entry element HOURS OF OPERATION
650 ## - SUBJECT ADDED ENTRY--TOPICAL TERM
Topical term or geographic name entry element PEACEFUL ENJOYMENT
650 ## - SUBJECT ADDED ENTRY--TOPICAL TERM
Topical term or geographic name entry element PLANNING AND COMPENSATION ACT 1991
650 ## - SUBJECT ADDED ENTRY--TOPICAL TERM
Topical term or geographic name entry element PLANNING APPEAL
650 ## - SUBJECT ADDED ENTRY--TOPICAL TERM
Topical term or geographic name entry element RETAIL WAREHOUSE
650 ## - SUBJECT ADDED ENTRY--TOPICAL TERM
Topical term or geographic name entry element TOWN AND COUNTRY PLANNING ACT 1990 S174
690 ## - LOCAL SUBJECT ADDED ENTRY--TOPICAL TERM (OCLC, RLIN)
Topical term or geographic name as entry element PLANNING LAW AND PRACTICE-CASE LAW
942 ## - ADDED ENTRY ELEMENTS (KOHA)
Suppress in OPAC 0
948 ## - LOCAL PROCESSING INFORMATION (OCLC); SERIES PART DESIGNATOR (RLIN)
c (OCLC) 04/03/1997
Holdings
Withdrawn status Lost status Source of classification or shelving scheme Damaged status Not for loan Home library Current library Shelving location Date acquired Total Checkouts Full call number Barcode Date last seen Copy number Price effective from Koha item type
    Dewey Decimal Classification     London London Journal article 14/09/1999   X1039 14355-1001 06/08/2019 1 06/08/2019 Law report